| 000 | 00658nam a2200181 a 4500 | ||
|---|---|---|---|
| 001 | 000035727 | ||
| 005 | 20200930074550.0 | ||
| 008 | 111109s1941 ag a 000 0 spa d | ||
| 040 |
_aDO-SdBNP _bspa _cBNPHU |
||
| 041 | 1 | 7 |
_aspa _hita |
| 100 | 1 |
_aFerrero, Guglielmo, _d1871-1942 _98162 |
|
| 245 | 1 | 0 |
_aNueva historia romana / _cGuillermo Ferrero ; puesta en lengua española por Ricardo A. Caminos. |
| 260 |
_aBuenos Aires : _bLibrería Hachette, _c1941. |
||
| 300 |
_a389 p : _bil. ; _c21 cm. |
||
| 590 | _aPerteneció a la biblioteca personal de Juan Isidro Jimenes Grullón | ||
| 651 | 4 |
_aRoma _xHistoria _910862 |
|
| 700 | 1 |
_aCaminos, Ricardo A., _etrad. _961660 |
|
| 999 |
_c35218 _d35218 |
||